000 01060nmc a2200373 a 4500
003 AR-BaBNM
005 20251128202733.0
008 157019s1992 ||||||||||||||000 | spa||
020 _a84-7100-1-309-0
040 _cAR-BaBNM
100 1 _aSan Pío, María Pilar de
245 1 0 _aExpediciones españolas del siglo XVIII
_bel paso del noroeste
250 _a1ª ed.
260 _aMadrid
_bMapfre
_c1992
300 _a314 p.
_bil., láms.
490 0 _aMar y américa
_vv. 12
504 _aBibliografía comentada p. 289-292.
600 1 4 _aMalaspina, Alejandro
600 0 4 _aVirrey Bucareli
600 1 4 _aMartínez, Esteban
650 4 _aNAVEGACION MARITIMA
650 4 _aTRANSPORTE MARITIMO
650 4 _aHISTORIA POLITICA
650 4 _aHISTORIA MILITAR
650 4 _aHISTORIA ECONOMICA
650 4 _aCOMERCIO
650 4 _aMARES
650 4 _aBUQUES
650 4 _aEXPEDICIONES CIENTIFICAS
800 1 _aGallego, José Andrés
_ecoordinador
800 1 _aBordejé Morencós, Fernando de
_edirector
942 _cBK
998 _cmariana
999 _c326
_d326